Raffael maliar v Ríme

Bibliographic Details
Main Author: Storey, Stephanie (Author)
Other Authors: Keníž, Alojz, 1952- (Translator)
Format: Book
Language:Slovak
English
PhysicalDescription:327 strán 24 cm
Published: Bratislava Ikar 2021
ISBN:9788055177038
Subjects:

MARC

LEADER 00000cam a2200000 4500
001 vtls012055239
003 SK-MaSNL
005 20260301094431.0
008 210524s2021 xo grh 010 fbslo
015 |a SNBA2021/08 
020 |a 9788055177038  |q (viazané) 
040 |a SNK  |b slo  |c SNK  |e rda 
041 1 |a slo  |h eng 
043 |a e-it--- 
044 |a xo  |c SK 
072 7 |a 821.111(73)-3  |x Americká próza  |2 konspekt 
080 |a 75.071.1  |2 2011 
080 |a 75.034.3/.6  |2 2011 
080 |a 821.111(73)-31  |2 2011 
080 |a (0:82-312.6)  |2 2011 
080 |a (0:82-311.6)  |2 2011 
100 1 |a Storey, Stephanie  |4 aut  |9 211805 
240 1 0 |a Raphael, painter in Rome  |l Slovensky 
245 1 0 |a Raffael  |b maliar v Ríme  |c Stephanie Storeyová ; preložil Alojz Keníž 
246 3 0 |a Maliar v Ríme 
264 1 |a Bratislava  |b Ikar  |c 2021 
300 |a 327 strán  |c 24 cm 
336 |a text  |b txt  |2 rdacontent 
337 |a bez média  |b n  |2 rdamedia 
338 |a zväzok  |b nc  |2 rdacarrier 
500 |a Preložené z angličtiny 
500 |a Obsahuje stručné biografické údaje o autorke na záložke prebalu publikácie 
600 0 7 |a Raffael,  |d 1483-1520  |2 SNKMA  |9 114969 
600 0 7 |a Michelangelo Buonarroti,  |d 1475-1564  |2 SNKMA  |9 115762 
650 0 7 |a maliari  |2 SNKPH  |9 3150 
650 0 7 |a renesančné maliarstvo  |2 SNKPH  |9 78873 
650 0 7 |a Painters  |2 SNKPHeng  |9 99679 
650 0 7 |a Renaissance painting  |2 SNKPHeng  |9 370786 
651 7 |a Taliansko  |2 SNKPHgeo  |9 21019 
651 7 |a Italy  |2 SNKPHeng  |9 286419 
655 7 |a americké romány  |2 SNKPH  |9 1174 
655 7 |a biografické romány  |2 SNKPH  |9 1532 
655 7 |a American fiction  |2 SNKPHeng  |9 281076 
655 7 |a Biographical novels  |2 SNKPHeng  |9 278552 
655 7 |a historické romány  |2 SNKPH  |9 70253 
655 7 |a Historical novels  |2 SNKPHeng  |9 276887 
700 1 |a Keníž, Alojz,  |d 1952-  |4 trl  |9 92268 
852 |a Štátna vedecká knižnica v Banskej Bystrici 
919 |a 978-80-551-7703-8 
958 |a LX 
958 |a UP 
968 |b ENG 
999 |c 680261  |d 682191 
952 |a SNK  |b SNK  |y PREZ  |7 0  |p 17A1456264  |o snkSC 193589  |i snk2021/9562  |8 0  |0 0  |1 0  |4 0  |d 2021-07-30  |f 1  |l 0  |r 2025-10-10 00:00:00  |w 2026-02-23 
952 |a SNK  |b SNK  |y PREZ  |7 0  |p 17A1456265  |o snkSC 193589 D1  |i snk2021/9563  |8 0  |0 0  |1 0  |4 0  |d 2021-07-30  |l 0  |r 2026-02-23 19:54:45  |w 2026-02-23